[Event "LiSB-ch Veterans"]
[Site "Stein"]
[Date "2000.12.03"]
[Round "5"]
[White "De Wit, Gerrit"]
[Black "Ebel, Huub"]
[Result "1-0"]
[WhiteElo "1703"]
[BlackElo "1264"]
[PlyCount "83"]
[EventDate "2000.11.25"]
[EventType "swiss"]
[EventRounds "5"]
[EventCountry "NED"]
[Source "P.Boonen"]
[SourceDate "2012.01.01"]

1. e4 c5 2. Nc3 d6 3. f4 Nc6 4. Nf3 e5 5. f5 Be7 6. Nd5 Nf6 7. Nxe7 Qxe7 8. d3
Bd7 9. g3 O-O-O 10. Bd2 Nd4 11. Bg2 Ba4 12. b3 Bc6 13. c4 d5 14. cxd5 Bxd5 15.
exd5 Nxd5 16. O-O Nxf5 17. Re1 f6 18. Rc1 Kb8 19. Qc2 Rc8 20. Qc4 Nb6 21. Qc3
Nd4 22. Nxd4 cxd4 23. Qxd4 exd4 24. Rxe7 Rxc1+ 25. Bxc1 g5 26. Rxb7+ Kc8 27.
Rxa7 Re8 28. Kf2 Re3 29. Bxe3 dxe3+ 30. Kxe3 h5 31. Rf7 Nd7 32. d4 Kd8 33. Bc6
Nb8 34. Rxf6 Nxc6 35. Rxc6 Kd7 36. d5 g4 37. Ke4 h4 38. gxh4 Ke7 39. Ke5 Kd7
40. Ra6 Ke7 41. h5 Kf7 42. h6 1-0

[Event "LiSB-ch Veterans"]
[Site "Stein"]
[Date "2000.12.03"]
[Round "5"]
[White "Erkens, Wil"]
[Black "Meijerink, Harry"]
[Result "0-1"]
[WhiteElo "1390"]
[BlackElo "1670"]
[PlyCount "68"]
[EventDate "2000.11.25"]
[EventType "swiss"]
[EventRounds "5"]
[EventCountry "NED"]
[Source "P.Boonen"]
[SourceDate "2012.01.01"]

1. e4 c6 2. Nf3 Nf6 3. Nc3 d5 4. exd5 cxd5 5. d4 e6 6. a3 Be7 7. Be2 O-O 8. O-O
Nc6 9. Bf4 a6 10. Re1 Ne4 11. Qd3 Bd6 12. Bxd6 Nxd6 13. Qd2 Qf6 14. Bd3 g6 15.
Ne2 b5 16. b3 Bb7 17. Qf4 Qe7 18. c3 Na5 19. Bc2 Rac8 20. Ne5 Ne4 21. Ng4 g5
22. Qf3 f5 23. Ne5 Rf6 24. Qe3 h6 25. Ng3 Rxc3 26. Qe2 Nxb3 27. Bxb3 Rxb3 28.
Nh5 Rf7 29. Nxf7 Qxf7 30. Qc2 Rc3 31. Qe2 f4 32. Qg4 f3 33. Rac1 fxg2 34. Rxc3
Qxf2# 0-1

[Event "LiSB-ch Veterans"]
[Site "Stein"]
[Date "2000.12.03"]
[Round "5"]
[White "Hanssen, Johan"]
[Black "Abrahams, Jacq"]
[Result "1-0"]
[WhiteElo "1424"]
[BlackElo "1581"]
[PlyCount "83"]
[EventDate "2000.11.25"]
[EventType "swiss"]
[EventRounds "5"]
[EventCountry "NED"]
[Source "P.Boonen"]
[SourceDate "2012.01.01"]

1. d4 Nf6 2. Nf3 g6 3. e3 Bg7 4. Bd3 b6 5. Nbd2 Bb7 6. O-O d5 7. Re1 Nc6 8. c3
a5 9. e4 O-O 10. e5 Nd7 11. Qe2 e6 12. Nf1 Qe8 13. Bf4 Ne7 14. Qd2 c5 15. Rac1
c4 16. Bc2 b5 17. Bh6 Bc6 18. Bxg7 Kxg7 19. b3 Ng8 20. Rb1 Nh6 21. Ng3 Qe7 22.
Qc1 b4 23. Re3 Nb6 24. h3 f5 25. exf6+ Rxf6 26. Qe1 bxc3 27. Rxc3 a4 28. Ne5
Be8 29. bxc4 Nxc4 30. Nxc4 dxc4 31. Qe4 Ra7 32. a3 Qf7 33. Rf1 Rc7 34. Qe5 Kg8
35. Qe3 Nf5 36. Nxf5 exf5 37. Re1 Kf8 38. Qh6+ Kg8 39. Rce3 Bc6 40. Re5 Rb7 41.
d5 Rb2 42. Re7 1-0

[Event "LiSB-ch Veterans"]
[Site "Stein"]
[Date "2000.12.03"]
[Round "5"]
[White "Jacobs, Wim"]
[Black "Van Vliet, Cors"]
[Result "1-0"]
[WhiteElo "1480"]
[BlackElo "1720"]
[PlyCount "133"]
[EventDate "2000.11.25"]
[EventType "swiss"]
[EventRounds "5"]
[EventCountry "NED"]
[Source "P.Boonen"]
[SourceDate "2012.01.01"]

1. Nf3 c5 2. c4 Nc6 3. e3 d6 4. b3 Nf6 5. Bb2 e5 6. d3 Be7 7. Nbd2 O-O 8. Be2
Bf5 9. e4 Bg6 10. O-O h6 11. Re1 Nh7 12. Nf1 f5 13. exf5 Bxf5 14. Ng3 Qd7 15.
Ne4 Nf6 16. Nc3 Bd8 17. a3 Ba5 18. Nd2 Nd4 19. Bf1 Bg4 20. f3 Bh5 21. Be2 Bg6
22. Rf1 Rae8 23. Nde4 Nh5 24. g3 Re7 25. Nd5 Ref7 26. Bxd4 exd4 27. b4 Bxe4 28.
dxe4 Bb6 29. Nxb6 axb6 30. b5 Qh3 31. Rf2 Rf6 32. Bf1 Qe6 33. Qd3 Rg6 34. Bg2
Nf6 35. Qf1 Nd7 36. Bh3 Qe7 37. Bxd7 Qxd7 38. Rd1 Qe6 39. Qd3 Rgf6 40. Kg2 g5
41. Rdf1 Kg7 42. Qe2 Ra8 43. f4 Raf8 44. f5 Qe5 45. g4 Ra8 46. Qd3 Qe8 47. Rf3
Ra4 48. Rh3 Qf7 49. Rc1 Qe8 50. Re1 Qe5 51. Rf3 d5 52. cxd5 c4 53. Qc2 Ra5 54.
Qxc4 h5 55. h3 d3 56. Qxd3 hxg4 57. hxg4 Rh6 58. Rh1 Qb2+ 59. Rf2 Qxa3 60. Qd4+
Rf6 61. Rh5 Qc1 62. Qe5 Ra8 63. Qe7+ Rf7 64. Rxg5+ Kh6 65. Rg6+ Kh7 66. Qxf7+
Kh8 67. Qg7# 1-0

[Event "LiSB-ch Veterans"]
[Site "Stein"]
[Date "2000.12.03"]
[Round "5"]
[White "Michon, John"]
[Black "Van Gils, Maarten"]
[Result "0-1"]
[WhiteElo "1606"]
[BlackElo "1702"]
[PlyCount "88"]
[EventDate "2000.11.25"]
[EventType "swiss"]
[EventRounds "5"]
[EventCountry "NED"]
[Source "P.Boonen"]
[SourceDate "2012.01.01"]

1. d4 Nf6 2. c4 g6 3. Nc3 d5 4. cxd5 Nxd5 5. e4 Nxc3 6. bxc3 Bg7 7. Bb2 O-O 8.
Nf3 c5 9. e5 Nc6 10. Qd2 Bg4 11. Be2 cxd4 12. cxd4 Rc8 13. h3 Bxf3 14. Bxf3 e6
15. O-O Bxe5 16. Bxc6 Rxc6 17. Rfd1 Bg7 18. Ba3 Re8 19. Rab1 b6 20. Rb3 Qd5 21.
Rd3 Rec8 22. Rc1 Rxc1+ 23. Bxc1 Qc4 24. Ba3 Bf8 25. Bxf8 Qc1+ 26. Kh2 Qxd2 27.
Rxd2 Kxf8 28. Kg3 Ke7 29. Kf4 f6 30. Ke4 Kd6 31. f4 Rc4 32. Ke3 Kd5 33. g3 b5
34. h4 Rc3+ 35. Kf2 b4 36. g4 a5 37. f5 exf5 38. g5 fxg5 39. hxg5 Rh3 40. Kg2
Rh5 41. Kf3 Rxg5 42. a3 Rg4 43. axb4 axb4 44. Ke3 Re4+ 0-1

[Event "LiSB-ch Veterans"]
[Site "Stein"]
[Date "2000.12.03"]
[Round "5"]
[White "Simonis, Peter"]
[Black "Schreinemachers, Jo"]
[Result "0-1"]
[WhiteElo "1876"]
[BlackElo "1596"]
[PlyCount "48"]
[EventDate "2000.11.25"]
[EventType "swiss"]
[EventRounds "5"]
[EventCountry "NED"]
[Source "P.Boonen"]
[SourceDate "2012.01.01"]

1. e4 c6 2. d4 d5 3. exd5 cxd5 4. c4 Nf6 5. Nc3 Nc6 6. Nf3 Bg4 7. Be2 e6 8.
cxd5 Nxd5 9. O-O Be7 10. a3 O-O 11. h3 Bh5 12. Nxd5 Qxd5 13. Be3 Rfd8 14. Rc1
Rac8 15. Qa4 a6 16. Bc4 Qa5 17. Qb3 Bxf3 18. gxf3 Nxd4 19. Bxd4 Rxd4 20. Bxe6
Qg5+ 21. Kh2 Rxc1 22. Bxf7+ Kh8 23. Rxc1 Qxc1 24. Kg2 Qg5+ 0-1